| 000 | 00739nam a22002055i 4500 | ||
|---|---|---|---|
| 001 | 98644 | ||
| 003 | ES-MaACL | ||
| 005 | 20250804012335.0 | ||
| 007 | t| | ||
| 008 | 950918s1849 fr ||||1| fre d | ||
| 040 |
_aCAM _bspa _cCAM |
||
| 100 | 1 |
_aEgger, Emile. _946721 |
|
| 245 | 1 | 0 |
_aEssai sur l'histoire de la critique chez les grecs suivi de la poétique d'Aristote et d'extraits de ses problèmes / _cavec traduction française et commentaire par E. Egger. |
| 260 |
_aParis : _bA. Durand, _c1849 ( _fImp. de Crapelet) |
||
| 300 |
_aVI, 548 p. ; _c21 cm. |
||
| 600 | 0 | 4 |
_aAristóteles- _xCrítica e interpretación. _922862 |
| 700 | 0 |
_aAristóteles _922861 |
|
| 852 |
_aES-MaACL _jZ-130 _xOlim: G-7090 |
||
| 999 |
_c98644 _d98644 |
||